Pyrrhon ou l'apparence / (Record no. 170114)

MARC details
000 -LEADER
campo de control de longitud fija 00752nam a2200241 i 4500
001 - NÚMERO DE CONTROL
campo de control 170114
003 - IDENTIFICADOR DE NÚMERO DE CONTROL
campo de control ES-MaACL
005 - FECHA Y HORA DE LA ÚLTIMA TRANSACCIÓN
campo de control 20250827231411.0
008 - DATOS DE LONGITUD FIJA--INFORMACIÓN GENERAL
campo de control de longitud fija 090202s1973 fr |||| | fre d
080 ## - NÚMERO DE LA CLASIFICACIÓN DECIMAL UNIVERSAL
Número de la Clasificación Decimal Universal 1 Pirrón de Elea
080 ## - NÚMERO DE LA CLASIFICACIÓN DECIMAL UNIVERSAL
Número de la Clasificación Decimal Universal 165.72
100 0# - ENTRADA PRINCIPAL--NOMBRE DE PERSONA
Nombre de persona Conche, Marcel.
9 (RLIN) 40079
245 10 - MENCIÓN DEL TÍTULO
Título Pyrrhon ou l'apparence /
Mención de responsabilidad, etc. par Marcel Conche.
260 ## - PUBLICACIÓN, DISTRIBUCIÓN, ETC.
Lugar de publicación, distribución, etc. Villers-sur-Mer :
Nombre del editor, distribuidor, etc. Éditions de Mégare,
Fecha de publicación, distribución, etc. 1973.
300 ## - DESCRIPCIÓN FÍSICA
Extensión 169 p. ;
Dimensiones 24 cm.
500 ## - NOTA GENERAL
Nota general Índice.
504 ## - NOTA DE BIBLIOGRAFÍA, ETC.
Nota de bibliografía, etc. Bibliografía.
594 ## - Nota al título y mención de responsabilidad
Nota al título y mención de responsabilidad Antes del tít.: La mort et l'apparence.
600 04 - PUNTO DE ACCESO ADICIONAL DE MATERIA--NOMBRE DE PERSONA
Nombre de persona Pirrón de Elea.
9 (RLIN) 92354
650 07 - PUNTO DE ACCESO ADICIONAL DE MATERIA--TÉRMINO DE MATERIA
Término de materia o nombre geográfico como elemento de entrada Escepticismo
Fuente del encabezamiento o término embne
9 (RLIN) 12353
852 4# - LOCALIZACIÓN
Ubicación ES-MaACL
Número de control de estantería E-12406
itemnumber R.139414
Nota libre . - Biblioteca Jacinto Martínez Lacalle
Holdings
Estatus retirado Estado de pérdida Estado de daño No para préstamo Biblioteca de origen Biblioteca actual Ubicación en estantería Fecha de adquisición Fuente de adquisición Total de préstamos Signatura topográfica completa Código de barras Visto por última vez Precio de reemplazo Tipo de ítem Koha
        Biblioteca del Ateneo de Madrid Biblioteca del Ateneo de Madrid Depósito 2 02/02/2009     E-12406 1178595 23/02/2023 23/02/2023 Libro impreso